Loading...
| History - European | 0 | 9 | 0 | 2 | 90 | 32 | 79.67 | 5 | 9 | 0.00 | 0.00 |
| Literature - World | 0 | 6 | 1 | 0 | 55 | 63 | 88.33 | 2 | 6 | 0.00 | 0.00 |
| Literature - European | 0 | 5 | 0 | 1 | 50 | 39 | 96.20 | 3 | 5 | 0.00 | 0.00 |
| History - American | 0 | 5 | 1 | 1 | 45 | 52 | 78.00 | 2 | 5 | 0.00 | 0.00 |
| Literature - British | 0 | 5 | 1 | 0 | 45 | 49 | 93.80 | 1 | 5 | 0.00 | 0.00 |
| Fine Arts - Other | 0 | 4 | 0 | 1 | 40 | 67 | 96.75 | 2 | 4 | 0.00 | 0.00 |
| History - World | 0 | 3 | 2 | 0 | 20 | 73 | 85.00 | 2 | 3 | 0.00 | 0.00 |
| Philosophy | 0 | 2 | 0 | 0 | 20 | 61 | 67.00 | 2 | 2 | 0.00 | 0.00 |
| Mythology | 0 | 2 | 0 | 0 | 20 | 94 | 107.50 | 1 | 2 | 0.00 | 0.00 |
| Other | 0 | 2 | 1 | 0 | 15 | 29 | 62.00 | 2 | 2 | 0.00 | 0.00 |
| Fine Arts - Classical Music | 0 | 1 | 0 | 0 | 10 | 114 | 114.00 | 0 | 1 | 0.00 | 0.00 |
| Fine Arts - Painting & Sculpture | 0 | 1 | 0 | 0 | 10 | 96 | 96.00 | 1 | 1 | 0.00 | 0.00 |
| Literature - American | 0 | 3 | 4 | 0 | 10 | 100 | 106.33 | 0 | 3 | 0.00 | 0.00 |
| Science - Chemistry | 0 | 1 | 0 | 1 | 10 | 130 | 130.00 | 0 | 1 | 0.00 | 0.00 |
| Science - Physics | 0 | 1 | 0 | 0 | 10 | 75 | 75.00 | 1 | 1 | 0.00 | 0.00 |
| Religion | 0 | 1 | 0 | 1 | 10 | 124 | 124.00 | 0 | 1 | 0.00 | 0.00 |
| Science - Biology | 0 | 1 | 0 | 1 | 10 | 124 | 124.00 | 0 | 1 | 0.00 | 0.00 |
| History - Other | 0 | 1 | 3 | 0 | -5 | 117 | 117.00 | 0 | 1 | 0.00 | 0.00 |
| Social Science | 0 | 0 | 1 | 0 | -5 | 0.00 | 0 | 0 | 0.00 | 0.00 |